| Tag |
First Indicator |
Second Indicator |
Subfields |
| LEADER |
00000cem a2200000 a 4500 |
| 001 |
in00001403356 |
| 005 |
20151020055502.0 |
| 006 |
ab 001 0 |
| 008 |
970212s1995 dk e 1 dan d |
| 020 |
|
|
|a 8774501275
|
| 034 |
1 |
|
|a a
|b 100000
|
| 035 |
|
|
|a (OCoLC)36373286
|
| 035 |
|
|
|9 AHN4591AM
|
| 040 |
|
|
|a OSU
|c OSU
|d TXA
|d UtOrBLW
|
| 049 |
|
|
|a TXAM
|
| 090 |
|
|
|a G2055
|b .D35 1995
|
| 245 |
0 |
0 |
|a Danmark 1:100,000 :
|b topografisk atlas.
|
| 246 |
3 |
0 |
|a Topografisk atlas
|
| 250 |
|
|
|a 4. udg.
|
| 255 |
|
|
|a Scale 1:100,000.
|
| 264 |
|
1 |
|a København :
|b Kort & Matrikelstyrelsen,
|c 1995.
|
| 300 |
|
|
|a 1 atlas (159 pages) :
|b color maps ;
|c 28 x 31 cm.
|
| 336 |
|
|
|a cartographic image
|b cri
|2 rdacontent
|
| 337 |
|
|
|a unmediated
|b n
|2 rdamedia
|
| 338 |
|
|
|a volume
|b nc
|2 rdacarrier
|
| 500 |
|
|
|a Includes index.
|
| 500 |
|
|
|a Cartographic material.
|
| 651 |
|
0 |
|a Denmark
|x Maps, Topographic.
|
| 651 |
|
0 |
|a Denmark
|x Administrative and political divisions
|x Maps.
|
| 700 |
1 |
|
|a Kort & Matrikelstyrelsen.
|
| 948 |
|
|
|a c:jlg
|
| 999 |
|
|
|a MARS
|
| 999 |
f |
f |
|s cc8bbb7f-6b6c-3a5d-925f-1aa5f0f48c98
|i a3af9985-a353-3591-bcf6-f0c41e05e624
|t 0
|
| 952 |
f |
f |
|p normal
|a Texas A&M University
|b College Station
|c Sterling C. Evans Library
|d Evans: Maps (2nd floor)
|t 0
|e G2055 .D35 1995
|h Library of Congress classification
|i unmediated -- volume
|m A14823485014
|
| 998 |
f |
f |
|a G2055 .D35 1995
|t 0
|l Evans: Maps (2nd floor)
|